| 000 | 01298nam a22003257a 4500 | ||
|---|---|---|---|
| 001 | BR8201150 | ||
| 003 | BR-BrBNA | ||
| 005 | 20230928091242.0 | ||
| 007 | ta | ||
| 008 | 230509b bl.||||| |||| 00| 0 por d | ||
| 040 |
_aBR-BrBNA _bpor _cBiblioteca Nacional de Agricultura |
||
| 041 | _a(Por) | ||
| 072 |
_aF30; F00 _b1951 _b1930 |
||
| 090 | _ 1951 BR8201150 | ||
| 100 | 1 | _aDall'Agnol, M. | |
| 110 | 1 |
_aUniversidade Federal do Rio Grande do Sul, Porto Alegre (Brasil). Faculdade de Agronomia _0Tese (Mestre em Agronomia) |
|
| 245 | 1 | _aAvaliacao de cultivares e progenies de policruzamento de trevo branco (Trifolium repens L.)consorciados com gramineas [Azevem; Lolium multiflorum; Capim pensacola; Paspalum notatum] | |
| 246 | 1 | _aEvaluation of cultivars and polycross progenies of white clover (Trifolium repens L.)associated with grasses [Rye-grass; Lolium multiflorum; Paspalum notatum] | |
| 260 | 3 |
_aPorto Alegre, RS (Brasil): _c1981. |
|
| 300 | _a128 p. | ||
| 500 | _a32 tables; Bibliography p. 93-102 (96 ref.); Summaries (Eng, Por) | ||
| 650 | _aTREVO BRANCO | ||
| 650 | _aAZEVEM | ||
| 650 | _aCAPIM PENSACOLA | ||
| 650 | _aTESTE DE PROGENIE | ||
| 650 | _aCRUZAMENTO VEGETAL | ||
| 650 | _aCONSORCIACAO DE CULTURA | ||
| 909 |
_a202309 _bLucia _c55 _dLucia Elande |
||
| 942 | _cBK | ||
| 999 |
_c33048 _d33048 |
||